000 00738nam a22002297a 4500
003 UA-OsUOA
001 24989
007 ta
008 20040309b un ||||| |||| 00| 0 ukr d
100 _aВасилишин Роман
090 _a330 (477)
_bВ19
942 _cSA
040 _aUA-OsUOA
_bukr
_cUA-OsUOA
_dUA-OsUOA
245 _aПро обласний бюджет на 2004 рік . Рішення Рівненської обласної ради (четверте скликання) від 18 грудня 2003 року № 284
300 _aС.2
955 _a0
041 _aukr
080 _a330 (477)
044 _aUA
773 0 _w0
_tВісті Рівненщини
_dРівне
_d2004
_g3 березня
650 7 _2UDC
999 _c311277
_d311277